000 01270nam a2200337 a 4500
001 000113323
003 CHAP
005 20220329144349.0
008 170607s2016 mx sm |||||||spa d
010 _a109784
011 _a110756
040 _cCHAP
090 _aTesis
100 1 _aReséndiz Julián, Olga Lidia
_9132501
245 1 0 _aFinalización de corderos de tres grupos raciales con racion alta en concentrado /
_h[En línea]
_cpor Olga Lidia Resendiz Julian y Karen Zita Santiago López.
260 _aChapingo, Méx. :
_bEl autor,
_c2016.
500 _aPara ver el contenido del material haga clic en la liga
502 _aTesis (Ing. Agr. Esp. en Zootecnia) -- UACH. Departamento de Zootecnia
590 _aE8697GMM
_b05
_c20170607
_lUCH01
_h0937
590 _aE8697GMM
_b05
_c20170607
_lUCH01
_h1012
590 _aE8697GMM
_b05
_c20170607
_lUCH01
_h1014
650 1 4 _aAlimentos y alimentación del ganado
_xInvestigación
_94338
650 1 4 _aGanado lanar
_xAlimentación.
_945153
650 1 4 _aGanado lanar
_xEngorda.
_945175
650 1 4 _aGanado lanar
_xPeso.
_945211
700 1 _aSantiago López, Karen Zita
_9132502
856 _aFinding aid
_uhttp://10.13.5.2/tesis/sist113323.pdf
_zTeclea aquí
901 _aBK
942 _cTESIS
942 _n0
999 _c109784
_d109784